Statistics for Back to the Future Trivia

Click here to take the quiz!

General Stats

  • This quiz has been taken 15,364 times
  • The average score is 15 of 21

Answer Stats

Hint Answer % Correct
Years in which the three movies take place1985
92%
Years in which the three movies take place2015
90%
Make of the time-traveling carDeLorean
90%
Actor who plays Marty McFlyMichael J. Fox
85%
Skateboard of the futureHoverboard
84%
Years in which the movies
take place
1955
82%
Name of the bullyBiff Tannen
81%
Doc's catch phraseGreat {Scott}!
80%
What makes time travel possible{Flux} Capacitor
80%
Speed necessary for the car to
travel in time
88 mph
75%
____? Where we're going we
don't need ____?
Roads
70%
Years in which the three movies take place1885
68%
Building that gets struck by lightningCourthouse
67%
Amount of power necessary1.21 {Gigawatts}
65%
Name of Doc's dogEinstein
65%
What Marty hates to be calledChicken
64%
Chuck Berry song that Marty plays
at the dance
Johnny B. Goode
63%
Actor who plays Doc BrownChristopher Lloyd
54%
Doc angers terrorists from this countryLibya
54%
Town where the series takes placeHill Valley
39%
Vanity license plate of the aboveOUTATIME
28%

Score Distribution

Percentile by Number Answered

Percent of People with Each Score

Your Score History

You have not taken this quiz